00591nam a2200193Ia 4500003000900000008004100009040001300050040001300063041000800076100001500084245003800099260001300137260000900150300000800159490000600167942000700173999001700180952020000197IT-RoPAU120407s9999 xx 000 0 und d aIT-RoPAU cIT-RoPAU aita aJames Cain aIl postino suona sempre due volte aBompiani c1964 c cm v1 cBK c23152d23152 00102ddc406810_00000000000000071aPAULUSbPAULUSd2012-04-11l0o810.0r2012-04-11 00:00:00w2012-04-11yBKzInserito da: Giancarlo In data: 24 ottobre 2011 fondo: Via A.Severo 56 Progr:13872